Managerial Economics (Record no. 4889)
[ view plain ]
| 000 -LEADER | |
|---|---|
| fixed length control field | 00326nam a2200145Ia 4500 |
| 008 - FIXED-LENGTH DATA ELEMENTS--GENERAL INFORMATION | |
| fixed length control field | 191201s2010 xx 000 0 und d |
| 082 ## - DEWEY DECIMAL CLASSIFICATION NUMBER | |
| Classification number | 658.15 |
| Item number | GUM |
| 100 ## - MAIN ENTRY--PERSONAL NAME | |
| Personal name | GUPTA, KULDEEP |
| 245 #0 - TITLE STATEMENT | |
| Title | Managerial Economics |
| 250 ## - EDITION STATEMENT | |
| Edition statement | 6th rev |
| 260 ## - PUBLICATION, DISTRIBUTION, ETC. (IMPRINT) | |
| Place of publication, distribution, etc | N. Delhi |
| Name of publisher, distributor, etc | UDH |
| Date of publication, distribution, etc | 2010 |
| 300 ## - PHYSICAL DESCRIPTION | |
| Extent | 674 |
| 650 ## - SUBJECT ADDED ENTRY--TOPICAL TERM | |
| Topical term or geographic name as entry element | BBA |
| 942 ## - ADDED ENTRY ELEMENTS (KOHA) | |
| Source of classification or shelving scheme | Dewey Decimal Classification |
| Koha item type | Text Books |
| Withdrawn status | Lost status | Source of classification or shelving scheme | Damaged status | Not for loan | Collection code | Home library | Current library | Date acquired | Source of acquisition | Cost, normal purchase price | Bill Number | Total Checkouts | Full call number | Acc. no. / Barcode | Date last seen | Date last borrowed | Bill Date | Koha item type |
|---|---|---|---|---|---|---|---|---|---|---|---|---|---|---|---|---|---|---|
| Dewey Decimal Classification | BBA | PIET C-LIBRARY | PIET C-LIBRARY | 29/07/2011 | The book company | 335.00 | IN-858 | 2 | 658.15 KUM | 17689 | 29/08/2023 | 10/08/2023 | 27/07/2011 | Text Books | ||||
| Dewey Decimal Classification | BBA | PIET C-LIBRARY | PIET C-LIBRARY | 29/07/2011 | The book company | 335.00 | IN-858 | 3 | 658.15 KUM | 17690 | 02/03/2023 | 13/09/2022 | 27/07/2011 | Text Books | ||||
| Dewey Decimal Classification | BBA | PIET C-LIBRARY | PIET C-LIBRARY | 29/07/2011 | The book company | 335.00 | IN-858 | 5 | 658.15 KUM | 17691 | 28/03/2023 | 15/03/2023 | 27/07/2011 | Text Books | ||||
| Dewey Decimal Classification | BBA | PIET C-LIBRARY | PIET C-LIBRARY | 29/07/2011 | The book company | 335.00 | IN-858 | 4 | 658.15 KUM | 17692 | 22/09/2023 | 31/08/2023 | 27/07/2011 | Text Books | ||||
| Dewey Decimal Classification | BBA | PIET C-LIBRARY | PIET C-LIBRARY | 29/07/2011 | The book company | 335.00 | IN-858 | 2 | 658.15 KUM | 17693 | 12/05/2026 | 01/05/2026 | 27/07/2011 | Text Books | ||||
| Dewey Decimal Classification | BBA | PIET C-LIBRARY | PIET C-LIBRARY | 29/07/2011 | The book company | 335.00 | IN-858 | 5 | 658.15 KUM | 17694 | 12/05/2026 | 01/05/2026 | 27/07/2011 | Text Books | ||||
| Dewey Decimal Classification | BBA | PIET C-LIBRARY | PIET C-LIBRARY | 29/07/2011 | The book company | 335.00 | IN-858 | 658.15 KUM | 17695 | 04/12/2019 | 27/07/2011 | Text Books |